Ultimate K-pop Girl Groups - Statistics

General Stats
  • This quiz has been taken 268 times
  • The average score is 22 of 92
Answer Stats
Year Girl Group % Correct
2007 Girls' Generation
91%
2015 Twice
88%
2014 Red Velvet
80%
2009 2NE1
75%
2013 GI
75%
2007 Wonder Girls
72%
2009 f(x)
61%
2012 AOA
59%
2011 Apink
59%
2015 GFriend
59%
2010 SISTAR
58%
2016 I.O.I
56%
2014 Mamamoo
56%
2009 4Minute
55%
1997 S.E.S.
53%
2010 miss A
52%
2007 KARA
51%
2009 T-ara
51%
2010 Girl's Day
48%
2009 After School
44%
2015 Oh My Girl
44%
2006 Brown Eyed Girls
43%
2015 CLC
42%
2012 EXID
42%
2014 Lovelyz
34%
2010 Nine Muses
31%
2012 Crayon Pop
29%
2015 April
28%
2009 Secret
28%
2011 Brave Girls
27%
1998 Fin.K.L.
27%
2012 Fiestar
26%
2009 Rainbow
26%
2013 Ladies' Code
25%
2011 Dal Shabet
24%
2011 Stellar
24%
2015 DIA
23%
2012 Hello Venus
23%
1997 Baby V.O.X.
22%
2014 Laboum
21%
2016 Cosmic Girls
20%
2001 Jewelry
19%
2013 Bestie
17%
2012 SPICA
17%
2008 Davichi
16%
2011 RaNia
15%
2012 Glam
14%
2014 Sonamoo
14%
2005 CSJH The Grace
13%
2011 ChoColat
11%
2001 M.I.L.K
11%
2006 SeeYa
11%
2012 The SEEYA
11%
2012 15&
10%
2011 F-VE DOLLS
9%
2014 Minx
9%
2012 Tahiti
9%
1997 Diva
8%
2012 EvoL
8%
2000 Papaya
8%
2002 Sugar
8%
2012 Tiny-G
8%
2013 WA$$UP
8%
1999 Chakra
7%
2001 KISS
7%
2007 Sunny Hill
7%
2003 Big Mama
6%
2014 Melody Day
6%
2014 4L
5%
2002 Shinvi
5%
2012 SKarf
5%
2012 Two X
5%
2014 4Ten
4%
2011 Blady
4%
2011 C-Real
4%
2012 Gangkiz
4%
2010 GP Basic
4%
2015 Playback
4%
1999 T.T.MA
4%
1999 As One
3%
2014 Badkiz
3%
2002 LUV
3%
2012 Puretty
3%
2014 Bob Girls
2%
2005 Gavy NJ
2%
2002 Isak N Jiyeon
2%
1998 S#arp
2%
2012 She'z
2%
2015 Rubber Soul
1%
2012 Sunny Days
1%
2014 WINGS
1%
2014 Almeng
0%
No matching quizzes found
Score Distribution
Percent of People with Each Score
Percentile by Number Answered
Your Score History
You have not taken this quiz